Los Materiales arqueológicos de la 'Cova Bonica' de Vallirana (Barcelona) / por Vicente Baldellou
Descripción Física:
19 p. : il. ; 27 cm
Colección:
Monografías ; 43
MARC
| LEADER | 00000nam a2200000Ia 4500 | ||
|---|---|---|---|
| 001 | 7809 | ||
| 008 | 160829s1974 - 1975 xx 000 0 cat d | ||
| 080 | |a FU-21-31 | ||
| 100 | |a Baldellou, Vicente |9 33954 | ||
| 245 | |a Los Materiales arqueológicos de la 'Cova Bonica' de Vallirana (Barcelona) / por Vicente Baldellou | ||
| 260 | |a Barcelona : |b Diputación. Instituto de Prehistoria y Arqueología, |c 1974 - 1975 | ||
| 300 | |a 19 p. : |b il. ; |c 27 cm | ||
| 490 | |a Monografías ; 43 | ||
| 590 | |a Separata d'Ampurias ; 36-37 | ||
| 650 | |a Bonica, Cova (Vallirana, Barcelona) |9 33955 | ||
| 650 | |a Excavacions arqueològiques |x Barcelona (Província) |9 32396 | ||
| 651 | 0 | |a Barcelona (Catalunya : Província) |x Arqueologia |9 56115 | |
| 710 | 2 | |a Instituto de Prehistoria y Arqueología (Barcelona, Catalunya) |9 54255 | |
| 901 | |a Arxiu | ||
| 942 | |n 1 |2 udc | ||
| 952 | |0 0 |1 0 |4 0 |6 FU2131 |7 1 |9 46320 |a Arxiu |b Arxiu |d 2016-12-01 |l 0 |o FU-21-31 |p 7809 |r 2016-12-01 00:00:00 |w 2016-12-01 |y ARXIU | ||
| 999 | |c 50105 |d 50105 | ||